Warriors: hidden moon / (Record no. 413362)
[ view plain ]
| 000 -LEADER | |
|---|---|
| fixed length control field | 01636nam a2200421 i 4500 |
| 001 - CONTROL NUMBER | |
| control field | sky311384844 |
| 003 - CONTROL NUMBER IDENTIFIER | |
| control field | SKY |
| 005 - DATE AND TIME OF LATEST TRANSACTION | |
| control field | 20251105141133.0 |
| 008 - FIXED-LENGTH DATA ELEMENTS--GENERAL INFORMATION | |
| fixed length control field | 250430s2025 nyu c 000 1 eng d |
| 010 ## - LIBRARY OF CONGRESS CONTROL NUMBER | |
| LC control number | 2025935881 |
| 020 ## - INTERNATIONAL STANDARD BOOK NUMBER | |
| International Standard Book Number | 9780063357112 : |
| Terms of availability | $19.99 |
| 020 ## - INTERNATIONAL STANDARD BOOK NUMBER | |
| International Standard Book Number | 0063357119 : |
| Terms of availability | $19.99 |
| 024 8# - OTHER STANDARD IDENTIFIER | |
| Standard number or code | CIPO000281205 |
| 040 ## - CATALOGING SOURCE | |
| Original cataloging agency | XX-XxUND |
| Language of cataloging | eng |
| Description conventions | rda |
| Transcribing agency | XX-XxUND |
| Modifying agency | ABG |
| -- | SKYRV |
| 050 ## - LIBRARY OF CONGRESS CALL NUMBER | |
| Classification number | PZ |
| 082 04 - DEWEY DECIMAL CLASSIFICATION NUMBER | |
| Classification number | [Fic] |
| Edition number | 23 |
| 092 ## - LOCALLY ASSIGNED DEWEY CALL NUMBER (OCLC) | |
| Classification number | junior fiction |
| Item number | Hunter |
| 100 1# - MAIN ENTRY--PERSONAL NAME | |
| Personal name | Hunter, Erin, |
| Relator term | author. |
| 245 10 - TITLE STATEMENT | |
| Title | Warriors: hidden moon / |
| Statement of responsibility, etc | Erin Hunter. |
| 246 ## - VARYING FORM OF TITLE | |
| Title proper/short title | Changing skies |
| 250 ## - EDITION STATEMENT | |
| Edition statement | [Hardcover edition]. |
| 250 ## - EDITION STATEMENT | |
| Edition statement | First edition. |
| 260 ## - PUBLICATION, DISTRIBUTION, ETC. (IMPRINT) | |
| Place of publication, distribution, etc | New York, NY : |
| Name of publisher, distributor, etc | Harper, an imprint of HarperCollinsPublishers, |
| Date of publication, distribution, etc | 2025. |
| 264 #1 - Production, Publication, Distribution, Manufacture, and Copyright Notice. | |
| Place of production, publication, distribution, manufacture | New York, NY : |
| Name of producer, publisher, distributor, manufacturer | HarperCollins Publishers, |
| Date of production, publication, distribution, manufacture, or copyr | 2025. |
| 300 ## - PHYSICAL DESCRIPTION | |
| Extent | 309 pages ; |
| Dimensions | 22 cm. |
| 336 ## - Content Type | |
| Content type term | text |
| 337 ## - Media type | |
| Media type term | unmediated |
| 338 ## - Carrier type | |
| Carrier type term | volume |
| 490 ## - SERIES STATEMENT | |
| Series statement | Warriors, changing skies ; |
| Volume number/sequential designation | 2 |
| 520 ## - SUMMARY, ETC. | |
| Summary, etc | Tensions rise as the Clans deal with increasing Twoleg construction that is driving away prey and coming dangerously close to destroying the Moonpool, which could end their connection with StarClan forever. Meanwhile, Leafstar, Tawnypelt, and Moonpaw face their own challenges as they prepare for a future none of them could imagine. |
| 521 2# - TARGET AUDIENCE NOTE | |
| Target audience note | 4567 |
| Source | Libraria. |
| 650 #0 - SUBJECT ADDED ENTRY--TOPICAL TERM | |
| Topical term or geographic name as entry element | Cats |
| Form subdivision | Juvenile fiction. |
| 9 (RLIN) | 5674206 |
| 650 #0 - SUBJECT ADDED ENTRY--TOPICAL TERM | |
| Topical term or geographic name as entry element | Warriors |
| Form subdivision | Juvenile fiction. |
| 9 (RLIN) | 6555293 |
| 650 #1 - SUBJECT ADDED ENTRY--TOPICAL TERM | |
| Topical term or geographic name as entry element | Cats |
| Form subdivision | Fiction. |
| 9 (RLIN) | 5674208 |
| 650 #1 - SUBJECT ADDED ENTRY--TOPICAL TERM | |
| Topical term or geographic name as entry element | Warriors |
| Form subdivision | Fiction. |
| 9 (RLIN) | 5733412 |
| 655 #7 - INDEX TERM--GENRE/FORM | |
| Genre/form data or focus term | Fantasy fiction. |
| Source of term | lcgft. |
| 942 ## - ADDED ENTRY ELEMENTS (KOHA) | |
| Source of classification or shelving scheme | Dewey Decimal Classification |
| Koha item type | BOOK |
| Withdrawn status | Lost status | Source of classification or shelving scheme | Damaged status | Not for loan | Collection code | Home library | Current library | Shelving location | Date acquired | Source of acquisition | Serial Enumeration / chronology | Total Checkouts | Total Renewals | Full call number | Barcode | Checked out | Date last seen | Date checked out | Cost, replacement price | Price effective from | Koha item type |
|---|---|---|---|---|---|---|---|---|---|---|---|---|---|---|---|---|---|---|---|---|---|
| Dewey Decimal Classification | Junior Fiction | Wasatch County Library | Wasatch County Library | Main Floor Junior Area | 11/05/2025 | Ingram | #2 Warriors - Changing Skies | 4 | 3 | J Hunter | 34301002172056 | 03/18/2026 | 01/20/2026 | 01/20/2026 | 19.99 | 11/05/2025 | BOOK |
